000 00651nam a2200265Ia 4500
005 20260121170116.0
008 008 260114s9999 xx 000 0 eng d
020 _a9783319513737
037 _aEBOOK
040 _aCRL
040 _beng
040 _cCRL
041 _2eng
041 _aeng
084 _qCRL
100 _aBrian C.H. Fong, Tai-Lok Lui
_91059906
245 0 _aHong Kong 20 Years after the Handover
260 _bSpringer
260 _bSpringer
260 _c2018
856 _uhttps://link.springer.com/openurl?genre=book&isbn=978-3-319-51373-7
942 _cEBOOK
999 _c1625635
_d1625635